Score 0/18 Timer 05:00
0 Plays Today
Season Winning Team % Correct
1994-95Manchester United
98.9%
1998-99Manchester United
98.9%
2004-05Arsenal
98.9%
2009-10Chelsea
98.9%
2011-12Manchester United
98.9%
2009-10Chelsea
98.9%
2012-13Chelsea
98.9%
2012-13Arsenal
98.9%
1999-00Tottenham
95.4%
Season Winning Team % Correct
2007-08Tottenham
95.4%
2009-10Tottenham
95.4%
1999-00Newcastle
81.6%
2007-08Portsmouth
79.3%
2007-08Middlesbrough
77%
1993-94Southampton
67.8%
1997-98Southampton
67.8%
1997-98Blackburn
66.7%
1999-00West Ham
63.2%

You're not logged in!

Compare scores with friends on all Sporcle quizzes.
OR
Log In

Sporcle TV

Today on Sporcle TV


Watch our educational content, quiz creation guides, and fun videos on Sporcle TV.

Show Comments

Extras

Top Quizzes Today


Score Distribution

Paid Content

Your Account Isn't Verified!

In order to create a playlist on Sporcle, you need to verify the email address you used during registration. Go to your Sporcle Settings to finish the process.

Report this User

Report this user for behavior that violates our Community Guidelines.

Details: